| 000 | 00662cab a2200229 4500 | ||
|---|---|---|---|
| 001 | WB2910-04 | ||
| 008 | 090401t1993 xxu||||| |||| 00| 0 eng d | ||
| 035 | _a(Sirsi) u67920 | ||
| 041 | _aeng | ||
| 100 | _aBarrick, A. | ||
| 245 | _aProtest over on-demand bonds | ||
| 260 | _c1993 | ||
| 350 | _a0 | ||
| 490 |
_aBuilding _v258(7785) 12 March 1993, 13(1) |
||
| 520 | _aLeading contractors are to lobby Treasury ministers for support to reduce the impact of on-demand bonds. | ||
| 650 | _aBONDS | ||
| 650 | _aDEMAND GUARANTEES | ||
| 650 | _aON-DEMAND BONDS | ||
| 690 | _aBUILT ENVIRONMENT-BUILDING CONTRACT FORMS | ||
| 942 | _n0 | ||
| 948 | _c04/03/1997 | ||
| 999 |
_c42563 _d42563 |
||